[Event "SYR-ch"]
[Site "Damascus"]
[Date "2018.??.??"]
[Round "8"]
[White "Koniahli, Malek"]
[Black "Bitar, Yasser"]
[Result "1-0"]
[WhiteElo "2319"]
[BlackElo "2096"]
[PlyCount "109"]
[EventDate "2018.05.01"]
[EventType "tourn"]
[EventRounds "9"]
[EventCountry "SYR"]
[SourceTitle "CBM 184 Extra"]
[Source "ChessBase"]
[SourceDate "2018.06.28"]
[SourceVersion "1"]
[SourceVersionDate "2018.06.28"]
[SourceQuality "1"]

1. e4 e6 2. d4 d5 3. Nc3 Nf6 4. e5 Nfd7 5. f4 c5 6. Nf3 Nc6 7. Be3 Be7 8. g3 a6 9. Bh3 g6 10. 0-0 b6 11. Ne2 Qc7 12. c3 Bb7 13. Bg2 0-0-0 14. g4 h5 15. h3 hxg4 16. hxg4 f6 17. Qe1 f5 18. Qg3 Rdg8 19. Ng5 Nd8 20. Kf2 Kb8 21. Rh1 Qc6 22. Rxh8 Rxh8 23. Rh1 Rxh1 24. Bxh1 Qa4 25. gxf5 gxf5 26. Qh3 Nf8 27. Qh5 Bc6 28. Qh6 Be8 29. Qg7 Qd7 30. dxc5 bxc5 31. Bf3 Nc6 32. Kg1 Kc8 33. Bf2 Ng6 34. Nh7 Nh4 35. Bh1 Bh5 36. Nf6 Bxf6 37. Qxf6 Nf3+ 38. Kg2 Nfxe5 39. Qh8+ Qe8 40. Qxe8+ Bxe8 41. fxe5 Nxe5 42. Bxc5 Nd3 43. Ba3 e5 44. Kf1 Bf7 45. Bg2 Kc7 46. Bh3 f4 47. Bf5 e4 48. c4 f3 49. Nc3 Ne5 50. Nxd5+ Bxd5 51. cxd5 e3 52. d6+ Kd8 53. Bc5 Nc4 54. Bb4 a5 55. b3 1-0

[Event "SYR-ch"]
[Site "Damascus"]
[Date "2016.05.03"]
[Round "3"]
[White "Hammoudi, Ali"]
[Black "Bitar, Yasser"]
[Result "1-0"]
[WhiteElo "2165"]
[BlackElo "2111"]
[PlyCount "39"]
[EventDate "2016.05.02"]
[EventType "swiss"]
[EventRounds "9"]
[EventCountry "SYR"]
[SourceTitle "EXT 2017"]
[Source "ChessBase"]
[SourceDate "2016.10.25"]
[SourceVersion "1"]
[SourceVersionDate "2016.10.25"]
[SourceQuality "1"]

1. e4 c5 2. Nf3 g6 3. d4 cxd4 4. Qxd4 Nf6 5. Nc3 Nc6 6. Qa4 d6 7. e5 Ng4 8. Bf4 Bd7 9. exd6 e5 10. 0-0-0 Nxf2 11. Nxe5 Nxd1 12. Nxc6 Nxc3 13. Qd4 Nxa2+ 14. Kb1 bxc6 15. Bc4 Qa5 16. Bd2 Qf5 17. Re1+ Be6 18. g4 Qf3 19. d7+ Ke7 20. Bg5+ 1-0